[Event "25th Czech Open A 2014"]
[Site "Pardubice CZE"]
[Date "2014.07.19"]
[Round "2.24"]
[White "Vetoshko, Volodymyr"]
[Black "Yilmazyerli, Mert"]
[Result "1-0"]
[WhiteTitle "FM"]
[BlackTitle "FM"]
[WhiteElo "2338"]
[BlackElo "2452"]
[WhiteFideId "14122480"]
[BlackFideId "6305962"]
[EventDate "2014.07.18"]

1. e4 g6 2. d4 Bg7 3. Nc3 d6 4. f4 a6 5. Nf3 b5 6. Bd3 Nd7 7. e5 Nh6 8. O-O O-O
9. Qe1 c5 10. Qh4 Nf5 11. Bxf5 gxf5 12. Nd5 f6 13. exd6 exd6 14. Re1 Rf7 15. Qh5
Nf8 16. Nh4 cxd4 17. Nxf5 Bxf5 18. Qxf5 Qd7 19. Qxd7 Nxd7 20. Ne7+ Kf8 21. Nf5
Nc5 22. b3 Rd7 23. Ba3 Kf7 24. Rad1 Bf8 25. Nxd4 d5 26. Bxc5 Bxc5 27. Kf1 Rc8
28. Re2 Re7 29. Rxe7+ Kxe7 30. Re1+ Kd7 31. Nf5 a5 32. Re2 a4 33. g3 b4 34. Kg2
axb3 35. axb3 Bf8 36. Ne3 Rc5 37. Ng4 Be7 38. Nf2 Rc8 39. Nd3 Bd6 40. Kf3 Rg8
41. Nf2 h5 42. Nd1 Bc5 43. Ne3 Bxe3 44. Kxe3 h4 45. gxh4 Rg4 46. Kf3 Rxh4 47.
Kg3 Rh8 48. h4 Kd6 49. Kg4 d4 50. h5 Kd5 51. Rh2 Rh6 52. Kf5 d3 53. cxd3 Kd4 54.
Ke6 1-0

[Event "25th Czech Open A 2014"]
[Site "Pardubice CZE"]
[Date "2014.07.19"]
[Round "2.25"]
[White "Muhammad, Luthfi Ali"]
[Black "Yuffa, Daniil"]
[Result "0-1"]
[WhiteTitle "FM"]
[BlackTitle "IM"]
[WhiteElo "2336"]
[BlackElo "2447"]
[WhiteFideId "7103743"]
[BlackFideId "24131423"]
[EventDate "2014.07.18"]

1. e4 c6 2. d4 d5 3. Nd2 dxe4 4. Nxe4 Bf5 5. Ng3 Bg6 6. h4 h6 7. Nf3 Nd7 8. h5
Bh7 9. Bd3 Bxd3 10. Qxd3 e6 11. Bd2 Ngf6 12. O-O-O Be7 13. Kb1 O-O 14. Qe2 c5
15. d5 Nxd5 16. Ne4 c4 17. g4 Qb6 18. g5 Ba3 19. b3 cxb3 20. axb3 Rac8 21. Qd3
f5 22. Nc3 Rxc3 23. Bxc3 Nc5 24. Qd4 Nxc3+ 25. Qxc3 Bb4 26. Qd4 Ne4 27. Qxb6
axb6 28. Rd7 Bc3 29. Rhd1 hxg5 30. R1d3 Bf6 31. Rc7 g4 32. Ne1 Nxf2 33. Rdd7 Ne4
34. h6 gxh6 35. Ng2 Be5 36. Rc4 b5 0-1

[Event "25th Czech Open A 2014"]
[Site "Pardubice CZE"]
[Date "2014.07.19"]
[Round "2.26"]
[White "Rasik, Vitezslav"]
[Black "Kutynec, Vladimir"]
[Result "1-0"]
[WhiteTitle "IM"]
[BlackTitle "IM"]
[WhiteElo "2445"]
[BlackElo "2305"]
[WhiteFideId "300306"]
[BlackFideId "4119843"]
[EventDate "2014.07.18"]

1. e4 c5 2. Nf3 Nc6 3. Bb5 g6 4. Bxc6 bxc6 5. O-O Bg7 6. Re1 e5 7. c3 Ne7 8. d4
cxd4 9. cxd4 exd4 10. Nxd4 O-O 11. Nc3 Qb6 12. Nb3 d5 13. Be3 Qc7 14. Bd4 Bxd4
15. Qxd4 Be6 16. Nc5 Rad8 17. Rac1 Bc8 18. exd5 cxd5 19. Nb5 Nf5 20. Nxc7 Nxd4
21. Rcd1 Ne6 22. N7xe6 fxe6 23. Rxe6 Bxe6 24. Nxe6 Rc8 25. Nxf8 Kxf8 26. Kf1 Rc2
27. Rxd5 Rxb2 28. Rd7 Rxa2 29. Rxh7 a5 30. Ra7 a4 31. h4 a3 32. g3 Ke8 33. Kg2
Kd8 34. Ra6 Kc7 35. Rxg6 Kb7 36. Rg4 Kb6 37. Ra4 Kb5 38. Ra8 Kb4 39. h5 Rc2 40.
h6 Rc7 41. g4 Kb3 42. g5 a2 43. g6 Rc8 44. Rxa2 1-0

[Event "25th Czech Open A 2014"]
[Site "Pardubice CZE"]
[Date "2014.07.19"]
[Round "2.27"]
[White "Tesik, Csaba"]
[Black "Vokac, Marek"]
[Result "1/2-1/2"]
[WhiteTitle "FM"]
[BlackTitle "GM"]
[WhiteElo "2324"]
[BlackElo "2443"]
[WhiteFideId "735582"]
[BlackFideId "300101"]
[EventDate "2014.07.18"]

1. e4 g6 2. d4 Bg7 3. Nc3 d6 4. g3 Nc6 5. Be3 Nf6 6. h3 e5 7. Nge2 O-O 8. Bg2
Re8 9. O-O Bd7 10. d5 Ne7 11. f4 exf4 12. Bxf4 h6 13. Qd2 g5 14. Be3 Ng6 15. Nd4
Ne5 16. Qe2 c6 17. dxc6 bxc6 18. Nf5 Bxf5 19. Rxf5 Rb8 20. b3 Qe7 21. Rd1 Rbd8
22. Bd4 Nfd7 23. Bxa7 Nc5 24. Bb6 Rb8 25. Bxc5 dxc5 26. Rff1 c4 27. Qe3 Qa3 28.
Kh1 Qb2 29. Ne2 Qxc2 30. Rd2 cxb3 31. Rxc2 bxc2 32. Rc1 Rb2 33. Qc5 Rxa2 34.
Rxc2 Ra1+ 35. Kh2 Rd8 36. Qb6 Rd3 37. Qf2 Raa3 38. Qf5 Rd1 39. Qc8+ Kh7 40. Qf5+
Kg8 41. Nc3 Rd8 42. Ne2 Rd1 1/2-1/2

[Event "25th Czech Open A 2014"]
[Site "Pardubice CZE"]
[Date "2014.07.19"]
[Round "2.28"]
[White "Chandra, Akshat"]
[Black "Dorst, Johannes"]
[Result "1-0"]
[WhiteTitle "IM"]
[WhiteElo "2442"]
[BlackElo "2299"]
[WhiteFideId "25006711"]
[BlackFideId "4650433"]
[EventDate "2014.07.18"]

1. e4 c5 2. Nf3 e6 3. d4 cxd4 4. Nxd4 Nf6 5. Nc3 Bb4 6. Bd3 Nc6 7. Nxc6 dxc6 8.
e5 Nd5 9. Qg4 g6 10. O-O h5 11. Qe4 Bxc3 12. bxc3 Nxc3 13. Qf3 Nd5 14. c4 Nb4
15. Be4 O-O 16. Bh6 Re8 17. Rad1 Qe7 18. Qg3 Kh7 19. Bg5 Qf8 20. Qh4 Kg8 21. g4
hxg4 22. Bf6 1-0

[Event "25th Czech Open A 2014"]
[Site "Pardubice CZE"]
[Date "2014.07.19"]
[Round "2.29"]
[White "Nemcova, Katerina"]
[Black "Gordievsky, Dmitry"]
[Result "1/2-1/2"]
[WhiteTitle "WGM"]
[BlackTitle "FM"]
[WhiteElo "2314"]
[BlackElo "2439"]
[WhiteFideId "322750"]
[BlackFideId "24112798"]
[EventDate "2014.07.18"]

1. e4 Nf6 2. e5 Nd5 3. d4 d6 4. Nf3 dxe5 5. Nxe5 c6 6. Be2 Bf5 7. O-O Nd7 8. Nf3
e6 9. a3 Bd6 10. Re1 h6 11. Bf1 O-O 12. Nbd2 N5f6 13. Nc4 Bc7 14. b3 Nd5 15. Bb2
Bg4 16. Ne3 Nxe3 17. Rxe3 Nf6 18. c4 Qd6 19. g3 Rad8 20. h3 Bh5 21. Qe1 Bxf3 22.
Rxf3 Rfe8 23. Qe3 a6 24. Re1 Qf8 25. Bd3 Bb6 26. Qf4 Rd7 27. Bb1 Nh7 28. h4 Rde7
29. Bc3 Bc7 30. Bxh7+ Kxh7 31. Qe4+ f5 32. Qc2 Rd7 33. Rfe3 Qf7 34. Qe2 f4 35.
Rf3 Kg8 36. Qe4 Qh5 37. Kg2 Rf7 38. d5 cxd5 39. cxd5 e5 40. gxf4 Qg4+ 41. Rg3
Qxf4 42. Rf3 Qxf3+ 43. Qxf3 Rxf3 44. Kxf3 Rf8+ 45. Ke4 Rf4+ 46. Kd3 Rf5 47. Re4
b5 48. Bb4 Bb6 49. Re2 Kf7 50. Bd6 Kf6 51. f4 exf4 52. Re6+ Kf7 53. Ke4 Rf6 54.
Re7+ Kf8 55. Re6+ Kf7 56. Re7+ Kf8 57. Re6+ 1/2-1/2

[Event "25th Czech Open A 2014"]
[Site "Pardubice CZE"]
[Date "2014.07.19"]
[Round "2.30"]
[White "Simantsev, Mikhail"]
[Black "Tokranovs, Dmitrijs"]
[Result "1-0"]
[WhiteTitle "GM"]
[WhiteElo "2434"]
[BlackElo "2297"]
[WhiteFideId "14104555"]
[BlackFideId "11603011"]
[EventDate "2014.07.18"]

1. d4 d5 2. c4 c6 3. Nc3 e6 4. e3 Nf6 5. Nf3 Nbd7 6. Qc2 Bd6 7. b3 O-O 8. Bb2 e5
9. cxd5 cxd5 10. dxe5 Nxe5 11. Be2 Be6 12. O-O Rc8 13. Rac1 Ne4 14. Qd1 Nxf3+
15. Bxf3 Be5 16. Nxe4 Bxb2 17. Rxc8 Qxc8 18. Ng3 Rd8 19. Ne2 Be5 20. Qd2 Qd7 21.
Rd1 g6 22. g3 Qc7 23. Kg2 Rd6 24. Nd4 a6 25. h4 Qb6 26. Qc2 Rd7 27. h5 Rc7 28.
Qe2 Qc5 29. hxg6 hxg6 30. Bg4 Bxd4 31. Rxd4 Qc2 32. Rd2 Qe4+ 33. Bf3 Qf5 34. Qd1
Rc5 35. b4 Rb5 36. Rd4 a5 37. a3 axb4 38. axb4 Kg7 39. Rh4 Qe5 40. Qd2 g5 41.
Rd4 f6 42. Qd3 Bd7 43. Bxd5 Rxd5 44. Rxd5 Bc6 45. e4 Bxd5 46. Qxd5 Qe7 47. b5
Kf8 48. Kf3 Kg7 49. Kg4 Kg6 50. f3 Qg7 51. f4 Qe7 52. Qg8+ Kh6 53. Qh8+ Kg6 54.
f5+ Kf7 55. Qh7+ Ke8 56. Qxe7+ Kxe7 57. Kh5 Kd6 58. Kg6 Ke5 59. g4 1-0

[Event "25th Czech Open A 2014"]
[Site "Pardubice CZE"]
[Date "2014.07.19"]
[Round "2.31"]
[White "Nayhebaver, Martin"]
[Black "Nagy, Gabor1"]
[Result "0-1"]
[BlackTitle "IM"]
[WhiteElo "2307"]
[BlackElo "2434"]
[WhiteFideId "14923432"]
[BlackFideId "737119"]
[EventDate "2014.07.18"]

1. e4 c5 2. Nf3 d6 3. d4 cxd4 4. Nxd4 Nf6 5. Nc3 Nc6 6. Bg5 e6 7. Qd2 Be7 8.
O-O-O O-O 9. Kb1 a6 10. h4 Bd7 11. f3 Rc8 12. Nxc6 Bxc6 13. Ne2 Ba4 14. Nd4 Qc7
15. Bd3 Rfd8 16. Qe2 Be8 17. g4 b5 18. Bc1 Nd7 19. g5 Nc5 20. f4 b4 21. h5 a5
22. f5 e5 23. f6 exd4 24. fxe7 Qxe7 25. Qf2 Ne6 26. Rdg1 Rc5 27. Rg3 a4 28. Rhg1
Rdc8 29. Qe2 Qc7 30. b3 axb3 31. axb3 Qa5 32. Bb2 Bb5 33. Bxb5 Rxc2 34. Rc1 d3
35. Rxc2 dxc2+ 36. Kc1 Qa2 0-1

[Event "25th Czech Open A 2014"]
[Site "Pardubice CZE"]
[Date "2014.07.19"]
[Round "2.32"]
[White "Plischki, Sebastian"]
[Black "Chudinovskikh, Alexander M"]
[Result "1/2-1/2"]
[WhiteTitle "IM"]
[BlackTitle "IM"]
[WhiteElo "2433"]
[BlackElo "2293"]
[WhiteFideId "4637143"]
[BlackFideId "4106083"]
[EventDate "2014.07.18"]

1. d4 Nf6 2. c4 e6 3. Nf3 d5 4. Nc3 Be7 5. Bf4 O-O 6. a3 b6 7. cxd5 Nxd5 8. Nxd5
exd5 9. g3 c5 10. Bg2 Nc6 11. O-O Be6 12. dxc5 bxc5 13. Rc1 Rc8 14. b4 cxb4 1/2-1/2

[Event "25th Czech Open A 2014"]
[Site "Pardubice CZE"]
[Date "2014.07.19"]
[Round "2.33"]
[White "Ageichenko, Genadi A"]
[Black "Rojicek, Vojtech"]
[Result "1/2-1/2"]
[WhiteTitle "IM"]
[BlackTitle "IM"]
[WhiteElo "2297"]
[BlackElo "2433"]
[WhiteFideId "4105222"]
[BlackFideId "319902"]
[EventDate "2014.07.18"]

1. e4 c6 2. Nc3 d5 3. Nf3 Nf6 4. e5 Ne4 5. Qe2 Nxc3 6. dxc3 Bg4 7. h3 Bxf3 8.
Qxf3 e6 9. Bd3 Nd7 10. Qg3 Qc7 11. Bf4 O-O-O 12. O-O-O h6 13. h4 g6 14. Rhe1 Kb8
15. Kb1 Be7 16. Qe3 Bxh4 17. Bxh6 Qb6 18. Qxb6 axb6 19. Be3 Be7 20. Rh1 Kc7 21.
f4 Bc5 22. Bd4 Rdg8 23. a4 Bf8 24. b3 Bg7 25. Be3 Rxh1 26. Rxh1 Rh8 27. Rxh8
Bxh8 28. c4 g5 29. cxd5 cxd5 30. g3 gxf4 31. gxf4 f6 32. exf6 Bxf6 33. Kc1 Bc3
34. Kd1 Nc5 35. Bg6 Kd6 36. Ke2 Ke7 37. Bf2 Nd7 38. Bd3 Bf6 39. Bb5 e5 40. fxe5
Bxe5 41. Bxd7 Kxd7 42. Bxb6 Kc6 43. Bf2 Bc7 44. b4 Bd6 45. b5+ Kd7 46. a5 Be5
47. Kd3 Bf6 48. Bc5 Bd8 49. Bb4 Bf6 50. Ke3 Be5 51. Kf3 Bd4 52. Kf4 Bg7 53. Bc5
Bc3 54. a6 bxa6 55. bxa6 Kc6 56. Kf5 Bg7 57. Ke6 Bc3 58. Ke7 Kc7 59. Ke6 Kc6 60.
a7 Kb7 61. Kxd5 Bf6 62. c4 Bg5 63. Kd6 Bf4+ 64. Kd7 Bd2 65. Bb6 Bb4 66. Ke6 Ba3
67. Kd5 Bb4 68. Bc5 Bd2 69. Ke4 1/2-1/2

[Event "25th Czech Open A 2014"]
[Site "Pardubice CZE"]
[Date "2014.07.19"]
[Round "2.34"]
[White "Biolek, Richard Jr."]
[Black "Spalir, Jernej"]
[Result "1-0"]
[WhiteTitle "IM"]
[BlackTitle "FM"]
[WhiteElo "2429"]
[BlackElo "2289"]
[WhiteFideId "319996"]
[BlackFideId "14606518"]
[EventDate "2014.07.18"]

1. d4 d5 2. c4 c6 3. Nf3 Nf6 4. Nc3 dxc4 5. a4 Bf5 6. Ne5 Nbd7 7. Nxc4 Qc7 8. g3
e5 9. dxe5 Nxe5 10. Bf4 Nfd7 11. Bg2 g5 12. Ne3 gxf4 13. Nxf5 O-O-O 14. Qc2 fxg3
15. hxg3 a5 16. Rd1 Bc5 17. O-O Kb8 18. Ne4 Bb4 19. b3 Nb6 20. Nf6 Nbd7 21. Ne4
Nb6 22. Nf6 Nbd7 23. Nxd7+ Rxd7 24. Rxd7 Nxd7 25. Rd1 Nc5 26. Rd4 Ne6 27. Rd3
Qe5 28. e3 Nc5 29. Rd1 Nxb3 30. Rb1 Qc5 31. Qd3 Nc1 32. Qd7 Ne2+ 33. Kh2 Nc3 34.
Rc1 Qe5 35. Nd4 Qc7 36. Qf5 Qd6 37. Bxc6 bxc6 38. Nxc6+ Kc7 39. Nxa5 Re8 40.
Qxf7+ Re7 41. Qc4+ Kd7 42. Qg4+ Kd8 43. Qxb4 Qxb4 44. Nc6+ Ke8 45. Nxb4 Nxa4 46.
Nd5 Ra7 47. Ra1 Ra5 48. e4 1-0

[Event "25th Czech Open A 2014"]
[Site "Pardubice CZE"]
[Date "2014.07.19"]
[Round "2.35"]
[White "Villegas, Pierre"]
[Black "Roeder, Matthias"]
[Result "1/2-1/2"]
[WhiteTitle "FM"]
[BlackTitle "IM"]
[WhiteElo "2291"]
[BlackElo "2423"]
[WhiteFideId "654183"]
[BlackFideId "4600223"]
[EventDate "2014.07.18"]

1. d4 Nf6 2. c4 e6 3. Nc3 d5 4. cxd5 Nxd5 5. e4 Nxc3 6. bxc3 c5 7. Nf3 cxd4 8.
cxd4 Bb4+ 9. Bd2 Bxd2+ 10. Qxd2 O-O 11. Bc4 Nd7 12. O-O b6 13. Rad1 Bb7 14. Bd3
Rc8 15. Qf4 Qf6 16. Qg3 Rfd8 17. Rfe1 Qg6 18. Qf4 Qf6 19. Qg3 Qg6 20. Qf4 Qf6 1/2-1/2

[Event "25th Czech Open A 2014"]
[Site "Pardubice CZE"]
[Date "2014.07.19"]
[Round "2.36"]
[White "Kohlweyer, Bernd"]
[Black "Tomazini, Aljosa"]
[Result "1/2-1/2"]
[WhiteTitle "IM"]
[BlackTitle "FM"]
[WhiteElo "2422"]
[BlackElo "2283"]
[WhiteFideId "4600622"]
[BlackFideId "14608154"]
[EventDate "2014.07.18"]

1. Nf3 Nf6 2. c4 c5 3. g3 Nc6 4. Bg2 d5 5. cxd5 Nxd5 6. Nc3 Nc7 7. O-O e5 8. a3
Rb8 9. Rb1 f6 10. d3 Be7 11. Be3 O-O 12. b4 cxb4 13. axb4 Bxb4 14. Rxb4 Nxb4 15.
Bxa7 Be6 16. Bxb8 Qxb8 17. Qb1 Nca6 18. Rc1 1/2-1/2

[Event "25th Czech Open A 2014"]
[Site "Pardubice CZE"]
[Date "2014.07.19"]
[Round "2.37"]
[White "D'Costa, Lorin A R"]
[Black "Gruenter, Martin"]
[Result "1-0"]
[WhiteTitle "IM"]
[WhiteElo "2421"]
[BlackElo "2249"]
[WhiteFideId "409219"]
[BlackFideId "24640352"]
[EventDate "2014.07.18"]

1. c4 Nf6 2. g3 e5 3. Bg2 c6 4. d4 exd4 5. Qxd4 d5 6. Nf3 Be6 7. O-O Be7 8. cxd5
cxd5 9. Nc3 Nc6 10. Qa4 O-O 11. Be3 Ng4 12. Bd4 Nxd4 13. Nxd4 Nf6 14. Qb5 Qb6
15. Qxb6 axb6 16. Rfd1 Bc5 17. a3 Rfd8 18. e3 Bg4 19. Rd2 Bb4 20. Rc2 Bh5 21.
Rac1 Bc5 22. Rd2 Bg6 23. Nb3 Be4 24. Nxe4 dxe4 25. Rxd8+ Rxd8 26. Nxc5 bxc5 27.
Rxc5 Rd1+ 28. Bf1 g6 29. Rb5 b6 30. h3 Nd5 31. g4 Kg7 32. Kg2 Rd2 33. Kg3 h5 34.
gxh5 gxh5 35. Bc4 h4+ 36. Kxh4 Nc7 37. Rxb6 Rxf2 38. a4 Ne8 39. a5 Nf6 40. a6
Nd7 41. Rb5 Rg2 42. Rg5+ Rxg5 43. Kxg5 Nb6 44. a7 1-0

[Event "25th Czech Open A 2014"]
[Site "Pardubice CZE"]
[Date "2014.07.19"]
[Round "2.38"]
[White "Wittmann, Walter"]
[Black "Berchtenbreiter, Maximilian"]
[Result "0-1"]
[WhiteTitle "IM"]
[BlackTitle "IM"]
[WhiteElo "2196"]
[BlackElo "2419"]
[WhiteFideId "1600060"]
[BlackFideId "24641120"]
[EventDate "2014.07.18"]

1. e4 c6 2. d4 g6 3. Nf3 d5 4. Nbd2 dxe4 5. Nxe4 Nf6 6. Nxf6+ exf6 7. Bc4 Bg7 8.
O-O O-O 9. Re1 a5 10. a4 Na6 11. h3 Nc7 12. Bf4 Nd5 13. Bg3 Be6 14. Qd2 Qd7 15.
b3 Rfe8 16. Bf1 Bf8 17. c3 Ne7 18. Rab1 h5 19. Bd3 Bd5 20. Be4 Nf5 21. Bxd5 cxd5
22. Bf4 g5 23. Bh2 g4 24. hxg4 hxg4 25. Rxe8 Rxe8 26. Ne1 Nd6 27. Bxd6 Bxd6 28.
Nd3 Qf5 29. g3 Kg7 30. Re1 Rh8 31. Nf4 Qh7 32. Kf1 Qh1+ 33. Ke2 Qf3+ 0-1

[Event "25th Czech Open A 2014"]
[Site "Pardubice CZE"]
[Date "2014.07.19"]
[Round "2.39"]
[White "Nakar, Eylon"]
[Black "Setyaki, Azarya Jodi"]
[Result "1-0"]
[WhiteTitle "IM"]
[BlackTitle "CM"]
[WhiteElo "2419"]
[BlackElo "2231"]
[WhiteFideId "2811111"]
[BlackFideId "7101589"]
[EventDate "2014.07.18"]

1. e4 c5 2. Nf3 g6 3. d4 cxd4 4. Qxd4 Nf6 5. e5 Nc6 6. Qa4 Nd5 7. Qe4 Nb6 8. Nc3
d5 9. exd6 Bf5 10. Qe2 Qxd6 11. Nb5 Qb8 12. Nbd4 Bg7 13. Nxf5 gxf5 14. g3 O-O
15. Bh3 e6 16. O-O Nd5 17. Rd1 Nde7 18. c3 Ng6 19. Be3 Qc7 20. Nd4 Nce7 21. Nb5
Qa5 22. Bg2 Nc6 23. a4 Rad8 24. b4 Rxd1+ 25. Qxd1 Qd8 26. Bxc6 bxc6 27. Qxd8
Rxd8 28. Nxa7 Bxc3 29. Rc1 Bb2 30. Rb1 1-0

[Event "25th Czech Open A 2014"]
[Site "Pardubice CZE"]
[Date "2014.07.19"]
[Round "2.40"]
[White "Kanmazalp, Ogulcan"]
[Black "Yefimov, Mstislav"]
[Result "1-0"]
[WhiteTitle "IM"]
[WhiteElo "2412"]
[BlackElo "2138"]
[WhiteFideId "6304990"]
[BlackFideId "24122386"]
[EventDate "2014.07.18"]

1. e4 e5 2. Nf3 d6 3. d4 exd4 4. Nxd4 Nf6 5. Nc3 Be7 6. Bf4 O-O 7. Qd2 c6 8.
O-O-O b5 9. f3 b4 10. Na4 Qa5 11. b3 c5 12. Nb5 Bd7 13. Nxd6 Bxa4 14. bxa4 Qxa4
15. Kb1 Bxd6 16. Bxd6 Rd8 17. Bc4 Nc6 18. Qf2 Nd4 19. Bxc5 Nb5 20. Bxb5 Qxb5 21.
Be7 Rxd1+ 22. Rxd1 Ne8 23. Qc5 Qe2 24. Rd3 Qxg2 25. Qc6 Rb8 26. Bd8 Qg1+ 27. Kb2
Kf8 28. e5 h6 29. e6 f6 30. Qd7 Qg6 31. f4 Qh5 32. f5 a6 33. Rh3 Rxd8 34. Rxh5
Rxd7 35. exd7 1-0

[Event "25th Czech Open A 2014"]
[Site "Pardubice CZE"]
[Date "2014.07.19"]
[Round "2.41"]
[White "Rodionova, Polina"]
[Black "Shalimov, Valery"]
[Result "0-1"]
[WhiteTitle "WFM"]
[BlackTitle "IM"]
[WhiteElo "2138"]
[BlackElo "2412"]
[WhiteFideId "24102555"]
[BlackFideId "14104881"]
[EventDate "2014.07.18"]

1. e4 c5 2. Nf3 e6 3. d4 cxd4 4. Nxd4 Nc6 5. Nc3 Qc7 6. g3 Nf6 7. Bg2 a6 8. O-O
Be7 9. Re1 d6 10. Nxc6 bxc6 11. e5 dxe5 12. Rxe5 O-O 13. Bf4 Qb7 14. Re1 Nd5 15.
Nxd5 exd5 16. c4 Be6 17. cxd5 Bxd5 18. Bxd5 cxd5 19. Be5 Rfe8 20. Qg4 Bf8 21.
Bc3 Qc6 22. Red1 Rad8 23. Rd2 Qe6 24. Qa4 Rd7 25. Rad1 Rb8 26. Rd3 f6 27. Qf4
Rbd8 28. Ba5 Rc8 29. Qd2 d4 30. Rxd4 Rxd4 31. Qxd4 Qxa2 32. Qd5+ Qxd5 33. Rxd5
Rc5 34. Rxc5 Bxc5 35. Kf1 Kf7 36. Ke2 Ke6 37. f3 Bd6 38. Bb6 Kd5 39. Kd3 Bc5 40.
Bxc5 Kxc5 41. Kc3 h5 42. b4+ Kd5 43. h4 g5 44. Kd3 gxh4 45. gxh4 Ke5 46. Ke3 Kf5
47. Ke2 Kf4 48. Kf2 f5 49. Ke2 Kg3 50. Ke3 Kxh4 51. Kf4 Kh3 0-1

[Event "25th Czech Open A 2014"]
[Site "Pardubice CZE"]
[Date "2014.07.19"]
[Round "2.42"]
[White "Westerberg, Jonathan"]
[Black "Pischikov, Vadim"]
[Result "1/2-1/2"]
[WhiteTitle "FM"]
[WhiteElo "2412"]
[BlackElo "2130"]
[WhiteFideId "1701754"]
[BlackFideId "4100280"]
[EventDate "2014.07.18"]

1. e4 e5 2. Nf3 Nc6 3. Bc4 Be7 4. d4 d6 5. dxe5 dxe5 6. Qxd8+ Bxd8 7. Nc3 a6 8.
Be3 Be6 9. Bxe6 fxe6 10. O-O-O Be7 11. Nb1 Nf6 12. Ng5 Nd8 13. f3 Nd7 14. Nh3
Nf7 15. Nd2 Bc5 16. Bxc5 Nxc5 17. Nc4 b6 18. Nf2 Ke7 19. Ng4 Nd7 20. Rd2 Rhd8
21. Rhd1 h5 22. Nf2 Nc5 23. Rxd8 Rxd8 24. Rxd8 Kxd8 25. b4 Nd7 26. Nd3 g5 27.
Kd2 Ke7 28. Ke3 Kf6 29. Nd2 Nd6 30. c4 c5 31. bxc5 bxc5 32. Nb2 Nb6 33. Kd3 Ke7
34. Kc3 Nb7 35. Nb3 Kd6 36. Kd3 a5 37. a3 Nd7 38. Na4 Nb8 39. Nc3 Nc6 40. Nb5+
Kd7 41. g3 Nd4 42. Nd2 Kc6 43. Nc3 Nd6 44. Nd1 Ne8 45. Ne3 Kd6 46. Ng2 Nf6 47.
h4 g4 48. f4 Nd7 49. Nf1 Ke7 50. Nfe3 Kf6 51. Nd1 Nf3 52. Nb2 Nd4 53. Na4 Nf3
54. Ke3 Nd4 55. fxe5+ Nxe5 56. Nxc5 Nc2+ 57. Ke2 Nxa3 58. Nf4 Naxc4 59. Nxh5+
Kf7 60. Nf4 Nd6 61. Ke3 Nec4+ 62. Kd3 Ne5+ 63. Kd4 Nf3+ 64. Ke3 e5 65. Ng2 Ne8
66. Kd3 Nf6 67. Ne3 Nh5 68. Nf5 Kf6 69. Ke3 Kg6 70. Kf2 Nd2 71. Ke3 Nf3 72. Kd3
Kf6 73. Kc4 Kg6 74. Kd5 a4 75. Nxa4 Nf6+ 76. Ke6 Nxe4 77. Ne3 Nh2 78. Kxe5 Nxg3
79. Nxg4 Nxg4+ 80. Kf4 Nf5 81. Kxg4 Nxh4 82. Kxh4 1/2-1/2

[Event "25th Czech Open A 2014"]
[Site "Pardubice CZE"]
[Date "2014.07.19"]
[Round "2.43"]
[White "Istona, Martin"]
[Black "Yagupov, Igor"]
[Result "0-1"]
[BlackTitle "GM"]
[WhiteElo "2106"]
[BlackElo "2410"]
[WhiteFideId "14923475"]
[BlackFideId "4113632"]
[EventDate "2014.07.18"]

1. e4 c5 2. Nf3 e6 3. Nc3 Nc6 4. d4 cxd4 5. Nxd4 Qc7 6. Be2 a6 7. Be3 Nf6 8. a3
Be7 9. f4 d6 10. Qd2 O-O 11. O-O-O Nd7 12. g4 Rb8 13. g5 Nc5 14. f5 Nxd4 15.
Qxd4 exf5 16. exf5 Bxf5 17. h4 b5 18. h5 Rfc8 19. Rd2 Be4 20. h6 Bf8 21. Rh4 Bg6
22. Bg4 Re8 23. Bf3 a5 24. Kd1 Re5 25. Nd5 Qd8 26. hxg7 Bxg7 27. Nf6+ Bxf6 28.
gxf6 Qxf6 29. Qf4 Qe6 30. Bf2 Re8 31. Rh1 Qa2 0-1

[Event "25th Czech Open A 2014"]
[Site "Pardubice CZE"]
[Date "2014.07.19"]
[Round "2.44"]
[White "Vyskocil, Neklan"]
[Black "Klukin, Kirill"]
[Result "1-0"]
[WhiteTitle "IM"]
[WhiteElo "2407"]
[BlackElo "2067"]
[WhiteFideId "307106"]
[BlackFideId "24199273"]
[EventDate "2014.07.18"]

1. e4 c5 2. Nf3 Nc6 3. Bb5 d6 4. d4 cxd4 5. Qxd4 Bd7 6. Bxc6 Bxc6 7. Nc3 h6 8.
O-O e5 9. Qd3 Nf6 10. Rd1 Be7 11. a4 O-O 12. b3 Qc8 13. Ba3 Rd8 14. h3 Qe6 15.
Nd5 Rac8 16. c4 Bf8 17. Bc1 Nd7 18. Be3 b6 19. b4 g6 20. a5 f5 21. axb6 axb6 22.
Nh4 Bxd5 23. exf5 gxf5 24. cxd5 Qf6 25. Nxf5 b5 26. Rac1 Rc4 27. Rxc4 bxc4 28.
Qe4 Rb8 29. Qg4+ Kh8 30. Ra1 Rxb4 31. Ra7 Nc5 32. Qh5 1-0

[Event "25th Czech Open A 2014"]
[Site "Pardubice CZE"]
[Date "2014.07.19"]
[Round "2.45"]
[White "Musat, Adrian"]
[Black "Pon, Matt"]
[Result "1/2-1/2"]
[WhiteTitle "FM"]
[BlackTitle "FM"]
[WhiteElo "2401"]
[BlackElo "2041"]
[WhiteFideId "1203452"]
[BlackFideId "14301644"]
[EventDate "2014.07.18"]

1. Nf3 Nf6 2. c4 Nc6 3. d4 e6 4. g3 Bb4+ 5. Bd2 Qe7 6. Bg2 Bxd2+ 7. Nbxd2 d6 8.
e4 a5 9. O-O e5 10. d5 Nb8 11. h3 O-O 12. b3 c6 13. a3 Bd7 14. Qe2 Na6 15. Rab1
cxd5 16. cxd5 Rfc8 17. Rfc1 Qd8 18. Qe3 b5 19. Kh2 Rc7 20. Qb6 Rxc1 21. Qxd8+
Rxd8 22. Rxc1 Kf8 23. Ne1 Ne8 24. Nd3 Ke7 25. f4 f6 26. Bf3 Rc8 27. Rxc8 Bxc8
28. b4 a4 29. f5 Nb8 30. Be2 Nc7 31. g4 Bd7 32. Nb1 Be8 33. Nc3 Nd7 34. Ne1 1/2-1/2

[Event "25th Czech Open A 2014"]
[Site "Pardubice CZE"]
[Date "2014.07.19"]
[Round "2.46"]
[White "Baryshpolets, Andrey"]
[Black "Yuferev, Oleg"]
[Result "1/2-1/2"]
[WhiteTitle "GM"]
[BlackTitle "FM"]
[WhiteElo "2546"]
[BlackElo "2270"]
[WhiteFideId "14117207"]
[BlackFideId "4131720"]
[EventDate "2014.07.18"]

1. d4 d5 2. c4 dxc4 3. e4 Nf6 4. e5 Nd5 5. Bxc4 Nb6 6. Bd3 Nc6 7. Ne2 Be6 8.
Nbc3 Bc4 9. Be4 e6 10. a3 Qd7 11. O-O O-O-O 12. Bg5 Ne7 13. a4 h6 14. Bxe7 Bxe7
15. b3 Ba6 16. a5 Na8 17. Qc2 Kb8 18. d5 f6 19. b4 exd5 20. Nxd5 c6 21. Nxe7
Qxe7 22. exf6 Qxf6 23. Rfd1 Nc7 24. Nc3 Rd4 25. Rxd4 Qxd4 26. Rb1 Re8 1/2-1/2